Annual report 2004 (Registro nro. 8064)

Detalles MARC
000 -CABECERA
Campo de control 00625nmm a22001817a 4500
005 - FECHA Y HORA DE LA ULTIMA TRANSACCION
Campo de control 20131216152305.0
008 - ELEMENTOS DE LONGITUD FIJA—INFORMACION GENERAL
Campo de control 131216b2004 pe ||||| |||| 00| 0 eng d
041 ## - IDIOMA
Código de idioma para texto/pista de sonido o título separado Inglés
044 ## - PAÍS DE PUBLICACIÓN
País de publicación Perú
090 ## - CLASIFICACIÓN LOCAL
Colección LB
Consecutivo 05870
110 ## - ASIENTO PRINCIPAL--NOMBRE CORPORATIVO
Nombre corporativo o de jurisdicción como elemento de entrada Consortium for sustainable Development of Andean Eco-region CONDESAN
245 ## - MENCION DE TITULO
Título Annual report 2004
260 ## - PUBLICACION, DISTRIBUCION, ETC. (PIE DE IMPRENTA)
Lugar de publicación, distribución, etc. Lima
Nombre del editor, distribuidor, etc. Consortium for sustainable Development of Andean Eco-region CONDESAN
-- Centro Internacional de Agricultura Tropical
Fecha de publicación, distribución, etc. 2004
300 ## - DESCRIPCION FISICA
Extensión 48 p.,
Otros detalles físicos il., gráficas,
Dimensiones 13 cm
504 ## - NOTA DE BIBLIOGRAFIA, ETC.
Nota de bibliografía Incluye bibliografía
505 ## - NOTA DE CONTENIDO
Nota de contenido Incluye tabla de contenido
942 ## - ELEMENTOS ADICIONALES (KOHA)
Sistema de clasificación Local
Tipo de ítem CD-ROM
Existencias
Withdrawn status Lost status Sistema de Clasificación Damaged status No para préstamo Colección Ubicación Permanente Ubicación actual Fecha de adquisición Total Checkouts Número topográfico Inventario / Código de Barras Date last seen Ejemplar Price effective from Forma de adquisición Tipo de material
    Local     Audiovisual Bogotá Bogotá 16/12/2013   LB-05870 058675 16/12/2013 Ej. 1 16/12/2013   CD-ROM